As,̕ no; no as ̕ La ley de la eutanasia en Espaą /

Detalles Bibliográficos
Autor principal: Marcos del Cano, Ana Mara̕
Otros Autores: de la Torre Da̕z, Francisco Javier
Formato: eBook
Lenguaje:español
Publicado: Madrid: Dykinson, 2021
Materias:
Acceso en línea:Acceso restringido

MARC

LEADER 00000nam a22000007a 4500
005 20210820104646.0
007 cr|||| ||||
008 210820s2021 es |||||s|||| 00||0 spa d
020 |a 978-84-1377-354-4 
035 |a 33544 
040 |a vLex 
090 |c 12086  |d 12086 
100 1 |a Marcos del Cano, Ana Mara̕ 
245 1 0 |a As,̕ no; no as ̕  |h [Recurso electrn̤ico] :  |b La ley de la eutanasia en Espaą /  |c Ana Mara̕ Marcos del Cano, Francisco Javier de la Torre Da̕z 
256 |a Servicio en ln̕ea 
260 |a Madrid:  |b Dykinson,  |c 2021 
300 |a 1 recurso electrn̤ico 
500 |a En este inicio de 2021, en plena pandemia del Covid19, nos vivenciamos en un trance de mutaciones profundas de valores, prioridades, comprensiones y prc̀ticas de lo real. Convergen cuestiones nucleares del hombre y de la mujer, de la sociedad y humanidad del presente y del futuro, preguntas filosf̤icas, existenciales, polt̕icas, ťicas y jurd̕icas. Estamos ante un cambio de paradigmas en muchos r̤denes. Y en esta coyuntura, irrumpe la eutanasia en el Parlamento estatal con visos de quedarse en nuestro ordenamiento jurd̕ico. La eutanasia pertenece a la franja fronteriza del sentimiento de lo humano. Terreno cruzado de dimensiones constitutivas, lo personal, lo social, lo sanitario, lo jurd̕ico, lo cultural, lo polt̕ico, lo filosf̤ico, lo religioso. Asunto de tal calado y complejidad, que nos demanda en mx̀imos de criticidad racional, humanidad, responsabilidad ťica y jurd̕ica. El libro que el/la lector/a tiene ante sus ojos presenta, de un modo g̀il, claro y crt̕ico, un conjunto de argumentos morales, sociales, polt̕icos y jurd̕icos acerca de la proposicin̤ de ley orgǹica sobre la eutanasia. Sin irse a los extremos, ni con el ǹimo de alimentar la confrontacin̤, coloca de frente algunos de los problemas que presenta su regulacin̤ jurd̕ica refiriňdose al cuǹdo se ha hecho (en plena pandemia), al cm̤o se ha hecho (silenciando y marginando opiniones, comprensiones y reflexiones sobre esta cuestin̤) y a su contenido, poniendo de manifiesto la indeterminacin̤ de los supuestos en los que se aplica y la flexibilizacin̤ de sus garanta̕s en el propio articulado. Convergen ambos autores en que una sociedad progresista es la que construye una sociedad del cuidado, da valor a los ms̀ frg̀iles, otorga recursos pb︢licos asistenciales y cuidados hasta el final de la vida, algo que no se resuelve con un “derecho a la eutanasia”. 
506 1 |a Disponible solo en los productos indicados  |d vLex Global  |d vLex Global (Academic Edition, excluding Law Schools)  |d vLex Global (U.S. Academic Edition, Law Schools)  |d vLex Global (U.S. Academic Edition, excluding Law Schools)  |d vLex Global (Academic Edition, Law Schools) 
650 0 4 |a Derecho Constitucional  |z Espaą 
650 0 4 |a Filosofa̕ y religin̤  |z Espaą 
700 1 |a de la Torre Da̕z, Francisco Javier 
740 0 |a vLex Libros (Servicio en ln̕ea) 
856 4 0 |u https://app.vlex.com/#/sources/33544  |z Acceso restringido 
942 |c BOOK 
999 0 |a Constitutional Law 
999 0 |a Philosophy and religion